000 03206cam a2200301 4500500
005 20260329012231.0
041 _afre
042 _adc
100 1 0 _aPhilp, Mark
_eauthor
245 0 0 _aTouch: changing norms of physical contact between men and women in 18th century England
260 _c2023.
500 _a40
520 _aRésuméCet article examine l’évolution des normes concernant le toucher, en particulier entre les jeunes femmes en âge de se marier et les jeunes hommes en Grande-Bretagne à la fin du 18e siècle. Ces normes émergentes, liées à la sociabilité et aux idéaux de la société polie, ont été largement contrôlées par d’autres femmes. Bien qu’elles leur aient permis une certaine liberté par rapport aux tentatives intrusives des hommes, ces normes s’accompagnent également d’un déni du désir sexuel des femmes. Les personnes considérées comme transgressant ces normes risquent d’être exclues de la « société ». La discussion s’appuie sur une série de mémoires, de journaux intimes, de romans, de livres de conduite et de lettres pour examiner un domaine de conduite qui fait rarement l’objet de commentaires explicites.
520 _aThis paper examines the changing norms regarding touch, particularly between young women of marriageable age and young men in Britain at the end of the 18th century. These emerging norms, related to sociability and ideals of polite society, were largely set and enforced by other women. While they allowed them some freedom from men’s intrusive attempts, these norms were also accompanied by a denial of women’s sexual desire. People who were seen as transgressing these norms risked being excluded from “society”. The discussion draws on a range of memoirs, diaries, novels, conduct books and letters to examine an area of conduct that is rarely the subject of explicit comment.
520 _aEste artículo examina las normas cambiantes con respecto al tacto, particularmente entre las mujeres jóvenes en edad de casarse y los hombres jóvenes en Gran Bretaña a fines del siglo  xviii. Estas normas emergentes, relacionadas con la sociabilidad y los ideales de la sociedad educada, eran supervisadas en gran medida por otras mujeres. Si bien les permitieron cierta libertad frente a las acciones intrusivas de los hombres, estas normas también iban acompañadas por una negación de las apetencias sexuales de las mujeres. Quienes eran vistos como transgresores de estas normas corrían el riesgo de ser excluidos de la «sociedad». La discusión se basa en una serie de memorias, diarios, novelas, libros de conducta y cartas para examinar un área de conducta que rara vez es objeto de comentarios explícitos.
690 _aContact corporel
690 _aNormes
690 _aParade nuptiale
690 _aPolitesse
690 _aSexualité
690 _aBodily contact
690 _aCourtship
690 _aNorms
690 _aPoliteness
690 _aSexuality
786 0 _nDix-huitième siècle | 55 | 1 | 2023-05-09 | p. 63-77 | 0070-6760
856 4 1 _uhttps://shs.cairn.info/revue-dix-huitieme-siecle-2023-1-page-63?lang=en&redirect-ssocas=7080
999 _c1869118
_d1869118